01006nam a2200253 a 450000100060000000300080000600500170001400800410003103500190007204000270009104100080011808200250012609600220015110000350017324501240020826000490033230000290038150000200041065000270043094200120045799900170046995201380048695201280062472654BD-RjUL20211209082307.0170522s1947 enka 001 0 eng d a(BD-RjUL)72872 aEUWcEUWdBD-RjULbeng aeng 223a571.32bBEP 1947 aQK600b1934fB51p1 aBerkeley, Comyns J. A.921490210aPractical plant anatomy :ban elementary course for students /cby Comyns J.A. Berkeley ; with a foreword by B. Barnes. aLondon :bUniversity of London Press,c1947. a112 p. :bill. ;c19 cm. aIncludes index. 0aPlant anatomy.9214903 2ddccBK c72654d72654 00102ddc40718NFICaRUCLbRUCLcReadingd1976-05-12eAsia Foundationl0o571.32 BEP 1947r2017-05-22 00:00:00tC-1w2021-12-09yBK 00102ddc40708NFICaRUCLbRUCLcStackd1976-05-12eB.N.B.Cl0o571.32 BEP 1947r2017-05-22 00:00:00tC-2w2021-12-09yBK